000 02967cam a22002775a 4500
001 L146647
002 17776
008 090210s2009 ne f 000 0 eng d
020 _a9789041127594
035 _a(Sirsi) u146647
041 0 _aeng
050 0 4 _a347.4109 $2 18
100 1 _aBorn, Gary B.
245 0 0 _aInternational commercial arbitration
260 _aAlphen aan den Rijn
_bKluwer Law International
_c2009
300 _alvi, 1738p.
_c25cm.
350 _a187
505 2 _aVolume I: Overview of international commercial arbitration -- Introduction to international arbitration agreements: legal framework for international arbitration agreements; international arbitration agreements and the separability presumption; choice of law governing international arbitration agreements; formation, validity and legality of international arbitration agreements; international arbitration agreements and competence-competence; effects and enforcement of international arbitration agreements; interpretation of international arbitration agreements parties to international arbitration agreements -- Introduction to international arbitral procedures and proceedings: legal framework for international arbitral proceedings; selection, challenge and replacement of arbitrators in international arbitration; rights and duties of international arbitrators; selection of arbitral seat in international arbitration
505 2 _aVolume II: procedures in international arbitration; disclosure and discovery in international arbitration; provisional measures in international arbitration; consolidation, joinder and intervention in international arbitration; confidentiality in international arbitration; legal representation and professional conduct in international arbitration -- International arbitral awards: legal framework for international arbitral awards; form and contents of international arbitral awards; correction, interpretation and supplementation of international arbitral awards; annulment of international arbitral awards; recognition and enforcement of international arbitration awards; preclusions, Lis Pendens and Stare Decisis in international arbitration -- Commentaries, treaties, and monographs -- Articles -- International Conventions -- International instruments -- Constitutions -- Statutes -- National instruments -- Arbitration rules -- Legislative materials -- Documents of the United Nations -- Miscellaneous -- Index of arbitral awards -- Index of cases -- Subject index
520 _aDescribes and explains the structure, law, practice and policy of international commercial arbitration. Looks in detail at international commercial arbitration agreement, international arbitration proceedings, and international arbitral awards.
521 _aExpert
590 _aKA
651 4 _aInternational
690 _aMANAGEMENT-DISPUTE AVOIDANCE, MANAGEMENT AND RESOLUTION-DISPUTE MANAGEMENT AND RESOLUTION-ARBITRATION
942 _n0
999 _c109251
_d109251